Statistics for WWII Quiz

Click here to take the quiz!

General Stats

  • This quiz has been taken 51 times
    (29 since last reset)
  • The average score is 13 of 20

Answer Stats

QuestionAnswer% Correct
When did WWII start?1939
100%
Who was the Premier of the Soviet Union during WWII?Josef Stalin
93%
Who killed Hitler?None of the above
93%
Who was the US president at the end of WWIIHarry S. Truman
86%
When was the D-Day?6th of June 1944
82%
Which country joined Nazi Germany first?Austria
82%
What did Nazi Germany believe in?National Socialism
79%
Who were the big 3?Stalin, Roosevelt, Churchill
79%
Who was the Minister of Propaganda in Nazi Germany?Joseph Goebbels
71%
When is Victory Day?9th of May
64%
What did the Ribbentrop-Molotov Pact allow?Mutuality between Nazi Germany and the Soviet Union.
64%
Was Turkey involved in WWII?No
64%
What was the name of the Atomic bomb that dropped to Nagasaki?Fat Man
61%
What was operation Barbarossa?Nazi Germany Betraying the USSR
61%
How many US casualties were there?416,800
50%
How many Soviets died at the battle of Stalingrad?1,100,000
46%
What was the MAIN cause of WWII?Treaty of Versailles
39%
How many gold marks did Germany need to pay from Treaty of Versailles?269 Billion
25%
How close were the Japanese to AustraliaClose
25%
What was the treaty that ended Austria-Hungary?Treaty of St. Germain and Trianon
18%

Score Distribution

Percentile by Number Answered

Percent of People with Each Score

Your Score History

You have not taken this quiz since the last reset